000 00852nam a2200181Ia 4500
008 090124s9999 xx 000 0 und d
082 _b39063
100 _aभारव्दाज मंदाकिनी
245 _a जागतिक कीर्तीचे किमयागार डॉ. मेरी क्युरी
250 _a0
260 _bश्री स्वामी पब्लिकेशन्स
_c2002
300 _a24
600 _aभारव्दाज मंदाकिनी
630 _a जागतिक कीर्तीचे किमयागार डॉ. मेरी क्युरी
700 _aभारव्दाज मंदाकिनी
730 _a जागतिक कीर्तीचे किमयागार डॉ. मेरी क्युरी
942 _cBOOK
999 _c99810
_d99810